000 00910nam a2200289 a 4500
001 26478
003 CO-ViMGA
008 141112s2004 ck r 000 u spa d
020 _a9789581414352
040 _aCO-ViMGA
_bspa
_cCO-ViMGA
041 _aSPA
090 _aC LEO7
100 1 _aLeonardo da Vinci, 1452 - 1519
_941323
245 1 0 _aFábulas /
_cLeonardo da Vinci ; selección y traducción de Elena Martínez ; ilustraciones de Esther Saura Múzquiz
250 _a1a ed.
260 _aBogotá :
_bGadir,
_c2014
300 _a70 p. : il. col.
490 _aEl bosque viejo
650 1 4 _aANIMALES HUMANIZADOS - FABULAS
_941324
650 1 4 _aAUTORES ITALIANOS
_941325
650 1 4 _aDESDE LOS 12 AÑOS
_92195
650 1 4 _aFABULAS ITALIANAS
_941326
650 1 4 _aLITERATURA ITALIANA
_92690
700 1 _aMartínez, Elena
_941327
700 1 _aSaura Múzquiz, Esther
_941328
942 _2ddc
_cBK
999 _c2442
_d2442